Personalidades históricas y famosos - P - Estadísticas

Estadísticas generales
  • Esta prueba ha sido intentada 145 veces
  • La puntuación promedio es 16 de 34
Estadísticas de respuestas
Descripción Respuesta % Correcto
Actual presidente de Rusia. Vladimir Putin
97%
Filósofo y matemático griego famoso por su teorema sobre los triángulos rectángulos. Pitágoras
95%
Exfutbolista brasileño que ha ganado tres mundiales y es considerado uno de los mejores futbolistas de todos los tiempos. Pelé
94%
Este español se le considera el mejor pintor del último siglo. Pablo Picasso
93%
Icono del siglo XX que normalmente es apodado como el "rey del rock and roll". Elvis Presley
91%
De las figuras más influyentes en la filosofía. Fue discípulo de Sócrates y maestro de Aristóteles. Platón
91%
Exnadador estadounidense y deportista olímpico más condecorado de todos los tiempos. Michael Phelps
79%
Es identificado por la Iglesia católica como el primer papa y es uno de los apóstoles más conocidos. San Pedro
78%
Apóstol y santo cristiano que se convirtió en una de las figuras más influyentes del cristianismo. Pablo de Tarso
76%
Uno de los actores de cine más famosos de las últimas décadas. Entre sus películas se encuentran: "Fight Club", "Seven", "Once Upon a Time in Hollywood", "Malditos bastardos", "Troya", etc. Brad Pitt
75%
Actor de cine que protagoniza películas cómo "Scarface", "Heat" y la trilogía de "El Padrino". Al Pacino
73%
Este tenor italiano es considerado como uno de los cantantes de ópera más famosos de la historia. Luciano Pavarotti
69%
Fue dictador de Chile entre el año 1973 y el 1990. Augusto Pinochet
67%
Conquistador español que acabó con el Imperio inca. Francisco Pizarro
67%
Músico estadounidense que ganó fama en la década de los ochenta con canciones cómo "Purple Rain" o "When Doves Cry". Prince
58%
Semidiós de la mitología griega que mató a Medusa Perseo
53%
Pionero de la microbiología moderna que desarrolló la teoría germinal de las enfermedades infecciosas y el proceso de preparación de alimentos. Louis Pasteur
45%
Principal político y general griego durante la edad de oro de Atenas. Pericles
36%
Destacado emperador ruso, considerado como el gran modernizador de su país. Pedro I de Rusia
32%
Dictador de Camboya, líder de los Jemeres Rojos y principal responsable del genocidio camboyano. Pol Pot
32%
Compositor alemán del periodo barroco, célebre por su "Cánon en re mayor". Johann Pachelbel
30%
Este general francés se convirtió en un héroe durante la Primera Guerra Mundial, pero en la Segunda Guerra Mundial colaboró con los nazis, convirtiéndose en el Jefe de Estado del régimen de Vichy. Philippe Pétain
30%
Este general macedonio se convirtió en gobernante de Egipto después de la muerte de Alejandro Magno. Ptolomeo I
28%
Actor estadounidense del siglo XX famoso por sus actuaciones en películas como "Matar a un ruiseñor" y "Vacaciones en Roma". Gregory Peck
22%
Líder militar romano que perdió en la Segunda guerra civil romana contra Julio César y Marco Antonio. Pompeyo
21%
Físico alemán fundador de la teoría cuántica. Max Planck
19%
Pintor estadounidense del siglo XX y principal artista del expresionismo abstracto. Jackson Pollock
18%
Esta bailarina de ballet rusa de finales del siglo XIX y principios del XX se convirtió en la primera bailarina en interpretar por todo el mundo. Anna Pávlova
17%
Es considerado como uno de los grandes poetas en lengua portuguesa y una de las figuras literarias más importantes del siglo XX. Fernando Pessoa
15%
Cofundador de Google y una de las personas más ricas del mundo actualmente. Larry Page
14%
Este rey de Epiro fue uno de los principales rivales de la República romana. Pirro de Epiro
13%
Científico y filósofo francés del siglo XVII que inventó la primera calculadora mecánica y aporto avances en sus investigaciones sobre los fluidos y el vacío. Blaise Pascal
11%
En el siglo XVIII, este filósofo y científico británico inventó el agua carbonatada y la goma de borrar e identificó una docena de elementos químicos. Joseph Priestley
5%
Científico estadounidense ganador de dos Premios Nobel que en sus estudios describió el enlace químico y la estructura molecular. Linus Pauling
5%
No se encontraron pruebas coincidentes
Distribución de puntuación
Porcentaje de gente con cada puntuación
Porcentaje por número respondido
Historial de tus puntuaciones
No has intentado esta prueba.